Recent communications in system reliability, quality and supply chain management /

Bibliographic Details
Main Authors: Madu, Christian N., (Author), Ram, Mangey, (Author), Antony, Jiju, (Author)
Format: eBook
Language:English
Published: Bradford : Emerald Publishing Limited, [2022]
Subjects:
Online Access:Click to View
LEADER 01506nam a2200385 i 4500
001 EBC6961018
003 MiAaPQ
005 20221127164528.0
006 m o d |
007 cr cnu||||||||
008 221127s2022 enk o 000 0 eng d
020 |a 9781803828367  |q (electronic bk.) 
035 |a (MiAaPQ)EBC6961018 
035 |a (Au-PeEL)EBL6961018 
035 |a (OCoLC)1313885634 
040 |a MiAaPQ  |b eng  |e rda  |e pn  |c MiAaPQ  |d MiAaPQ 
050 4 |a TK5102.84  |b .M338 2022 
082 0 |a 384.068  |2 23 
100 1 |a Madu, Christian N.,  |e author. 
245 1 0 |a Recent communications in system reliability, quality and supply chain management /  |c Christian N. Madu, Mangey Ram, and Jiju Antony. 
264 1 |a Bradford :  |b Emerald Publishing Limited,  |c [2022] 
264 4 |c Ã2022 
300 |a 1 online resource (209 pages) 
336 |a text  |b txt  |2 rdacontent 
337 |a computer  |b c  |2 rdamedia 
338 |a online resource  |b cr  |2 rdacarrier 
588 |a Description based on print version record. 
590 |a Electronic reproduction. Ann Arbor, MI : ProQuest, 2018. Available via World Wide Web. Access may be limited to ProQuest affiliated libraries. 
650 0 |a Telecommunication  |x Quality control. 
650 0 |a Telecommunication systems  |x Reliability. 
655 4 |a Electronic books. 
700 1 |a Ram, Mangey,  |e author. 
700 1 |a Antony, Jiju,  |e author. 
797 2 |a ProQuest (Firm) 
856 4 0 |u https://ebookcentral.proquest.com/lib/matrademy/detail.action?docID=6961018  |z Click to View